Statistics for All Bosses In Ocarina Of Time

Click here to take the quiz!

General Stats

  • This quiz has been taken 8 times
  • The average score is 13 of 20

Answer Stats

Nickname/DungeonAnswer% Correct
Great King Of EvilGanon
100%
Parasitic Armoured ArachnidGohma
100%
Infernal DinosaurKing Dodongo
100%
Evil Spirit From BeyondPhantom Ganon
100%
Bio-Electric AnemoneBarinade
86%
Phantom Shadow BeastBongo Bongo
86%
Great King Of EvilGanondorf
86%
Sorceress SistersTwinrova
86%
Subterranean Lava DragonVolvagia
86%
Giant Aquatic AmoebaMorpha
71%
Water TempleDark Link
57%
Forest TempleStalfos
57%
Ice CavernWhite Wolfos
57%
Jabu Jaba’s BellyBig Octo
43%
Spirit Temple/Training Ground/Castle/Fire TempleIron Knuckle
43%
Dodongo’s CavernLizalfos
43%
Well/ Shadow TempleDead Hand
29%
Fire TempleFlare Dancer
29%
Gerudo FortressGerudo Thief
29%
Forest TempleMeg
29%

Score Distribution

Percentile by Number Answered

Percent of People with Each Score

Your Score History

You have not taken this quiz